Winnipeg Jets Roster 2025-26 - Statistics

General Stats
  • This quiz has been taken 237 times
    14 since last reset
  • The average score is 14 of 23
Answer Stats
# Player % Correct
81 KYLE CONNOR
92%
37 CONNOR HELLEBUYCK
83%
2 DYLAN DEMELO
83%
13 GABE VILARDI
83%
44 JOSH MORRISSEY
83%
4 NEAL PIONK
83%
9 ALEX IAFALLO
75%
1 ERIC COMRIE
75%
55 MARK SCHEIFELE
75%
36 MORGAN BARRON
75%
54 DYLAN SAMBERG
67%
91 COLE PERFETTI
58%
6 COLIN MILLER
58%
7 VLADISLAV NAMESTNIKOV
58%
17 ADAM LOWRY
50%
45 COLE KOEPKE
50%
14 GUSTAV NYQUIST
50%
24 HAYDN FLEURY
50%
27 ISAK ROSEN
42%
78 JACOB BRYSON
42%
93 BRAD LAMBERT
33%
62 NINO NIEDEREITTER
17%
19 JONATHAN TOEWS
8%
No matching quizzes found
Score Distribution
Percent of People with Each Score
Percentile by Number Answered
Your Score History
You have not taken this quiz since the last reset